000 00681nam a2200181Ia 4500
005 20260429112243.0
008 260429s9999||||xx |||||||||||||| ||und||
020 _a9789355030856
041 _aHindi
082 _a954.04
_bSAH
100 _aसहनी, भवन लाल
245 0 _aराष्ट्र की अवधारणा और हिंदूराष्ट्र /
_cभवन लाल सहनी
250 _a1st ed.
260 _aनई दिल्ली :
_b आयुष्मान प्रकाशन हाउस,
_c2021.
300 _a338 p.; Hb
650 _aहिंदू राष्ट्र पर आलोचना
942 _cTB
999 _c53142
_d53142